书目信息 |
| 题名: |
被禁锢的头脑
|
|
| 作者: | 米沃什 , 米沃什 著 ;乌兰 , 易丽君 译 | |
| 分册: | ||
| 出版信息: | 桂林 广西师范大学出版社 2013 |
|
| 页数: | 289页 | |
| 开本: | 21cm | |
| 丛书名: | ||
| 单 册: | ||
| 中图分类: | I106 | |
| 科图分类: | ||
| 主题词: | 文学评论--世界 , 文学评论 | |
| 电子资源: | ||
| ISBN: | 978-7-5495-1121-1 | |
| 000 | 01273nam0 2200313 450 | |
| 001 | 139385 | |
| 005 | 20140911154354.42 | |
| 010 | @a978-7-5495-1121-1@dCNY 35.00 | |
| 100 | @a20130508d2013 em y0chiy50 ea | |
| 101 | 1 | @achi@cpol |
| 102 | @aCN@b450000 | |
| 105 | @aa z 000yy | |
| 200 | 1 | @a被禁锢的头脑@Abei jin gu de tou nao@b专著@f(波兰)米沃什著@F(bo lan)mi wo shen zhu@g乌兰,易丽君译 |
| 210 | @a桂林@c广西师范大学出版社@d2013 | |
| 215 | @a289页@c照片@d21cm | |
| 300 | @a米沃什作品系列 | |
| 305 | @a本书根据波兰克拉科夫文学出版社(Wydawnictwo Literackie)2009年版译出 | |
| 312 | @a封面英文题名:The captive mind | |
| 330 | @a本书是一部杰出的文学论文,它论述人的心理问题比政治问题更多,论述人的性格比意识形态更多。本书更大篇幅地论述了哲学和历史哲学,而不是斯大林时期的编年史。全书内容包括:“穆尔提-丙”药丸;看西方;凯特曼——伪装;阿尔法,道德家;贝塔,不幸的情人等。 | |
| 510 | 1 | @aCaptive mind@zeng |
| 606 | 0 | @a文学评论@y世界 |
| 606 | 0 | @a文学评论 |
| 690 | @aI106@v5 | |
| 701 | 0 | @c(美)@a米沃什@Ami wo shi@c(Mitosz, Czeslaw@f1911 2004)@4著 |
| 701 | 0 | @a米沃什@Ami wo shen@4著 |
| 702 | 0 | @a乌兰@Awu lan@c(女,@f1956 )@4译 |
| 702 | 0 | @a易丽君@Ayi li jun@c(女,@f1934.12 )@4译 |
| 801 | 0 | @aCN@b110017@c20140911 |
| 905 | @a241430@dI106@eM675 | |
| 被禁锢的头脑/(波兰)米沃什著/乌兰,易丽君译.-桂林:广西师范大学出版社,2013 |
| 289页:照片;21cm |
| 米沃什作品系列 |
| ISBN 978-7-5495-1121-1:CNY 35.00 |
| 本书是一部杰出的文学论文,它论述人的心理问题比政治问题更多,论述人的性格比意识形态更多。本书更大篇幅地论述了哲学和历史哲学,而不是斯大林时期的编年史。全书内容包括:“穆尔提-丙”药丸;看西方;凯特曼——伪装;阿尔法,道德家;贝塔,不幸的情人等。 |
| ● |
| 相关链接 |
|
|
|
正题名:被禁锢的头脑
索取号:I106/M675
 
预约/预借
| 序号 | 登录号 | 条形码 | 馆藏地/架位号 | 状态 | 备注 |
| 1 | 0830447 | 208304477 | 文学库108/108文学库 1排6列3层/ [索取号:I106/M675] | 在馆 | |
| 2 | 0830448 | 208304486 | 文学库108/108文学库 1排6列3层/ [索取号:I106/M675] | 在馆 | |
| 3 | 0830449 | 208304495 | 社科二线422/422社科库 49排6列2层/ [索取号:I106/M675] | 在馆 | |
| 4 | 0830450 | 208304501 | 文学库108/108文学库 1排6列3层/ [索取号:I106/M675] | 在馆 | |
| 5 | 0830451 | 208304510 | 社科二线422/422社科库 49排6列1层/ [索取号:I106/M675] | 在馆 |